Vplyv deforestácie na odolnostný potenciál krajín čeliť prírodným katastrofám

Analýza odolnostného potenciálu krajín na základe úbytku lesnej pokrývky. Lesné ekosystémy sú závislé na hospodárskom prístupe k ich manažmentu, ktorý následne určuje potenciál krajiny čeliť prírodným katastrofám. Tento potenciál neskôr indukuje ďalšie procesy v ekonomike a spoločnosti. Prístupy k r...

Descripción completa

Guardado en:
Detalles Bibliográficos
Autor principal: Černota, Mikuláš, 1979-
Formato: Capítulo de libro
Lenguaje:eslovaco
Materias:
Etiquetas: Agregar Etiqueta
Sin Etiquetas, Sea el primero en etiquetar este registro!

MARC

LEADER 00000nla a2200000 4500
001 0207234
005 20240502073437.0
041 0 |a slo 
044 |a SK 
245 1 0 |a Vplyv deforestácie na odolnostný potenciál krajín čeliť prírodným katastrofám  |c Mikuláš Černota 
520 |a Analýza odolnostného potenciálu krajín na základe úbytku lesnej pokrývky. Lesné ekosystémy sú závislé na hospodárskom prístupe k ich manažmentu, ktorý následne určuje potenciál krajiny čeliť prírodným katastrofám. Tento potenciál neskôr indukuje ďalšie procesy v ekonomike a spoločnosti. Prístupy k riešeniu tohto fenomému by mali zahŕňať v prvom rade informovanosť verejnosti o funkciách lesa. 
610 2 0 |a ochrana prírody 
610 2 0 |a lesy 
610 2 0 |a hospodárstvo lesné 
610 2 0 |a ekológia 
610 2 0 |a manažment 
610 2 0 |a kvalita života 
610 2 0 |a pohromy živelné 
100 1 |a Černota, Mikuláš, 1979-